000 00387nam a2200121 a 4500
005 20140414132112.0
008 110805s19uu xx 00 eng d
050 _aM 291.1
_bH67 199
100 _aHoffman, Mary
245 _aA first myths Story book :
_bmyths and legends from around the world for the very young.
260 _aGreat Britain :
_bDorling Kindersly,
_c1999.
999 _c114797
_d114797